000 00797nam a22002297a 4500
003 0
005 20251014081534.0
008 251014b xxu||||| |||| 00| 0 eng d
020 _a978-1-266-82168-4
050 _aBF 721
_b.S26 2024
100 _aSantrock, John W.,
_eauthor.
245 _aChildren 2024 release /
_cJohn W. Santrock, Jennifer E. Lansford, Kirby Deater-Deckard.
260 _aNew York, NY :
_bMcGraw Hill LLC,
_c2024.
300 _axl, various pagination ;
_bcolored illustrations ;
_c28 cm.
504 _aIncludes bibliographical references and index.
650 _aChildren
_xPsychology.
650 _aChild development.
650 _aDevelopmental psychology.
700 _aLansford, Jennifer E.,
_eauthor.
700 _aDeckard, Kirby Deater-,
_eauthor.
942 _2lcc
_cBK
999 _c368221
_d368221